拷問されないように - Statistics

General Stats
  • This quiz has been taken 111 times
  • The average score is 3 of 15
Answers on the Grid
Answers color-coded by a green-red scale on the quiz's grid according to % correct below.
布団蒸し
石打ち
スペインの蜘蛛
酔っぱらいのマント
ギャロット
ハリファックス・ギベット
スペインのブーツ
駿河問い
スコッチ・メイデン
ユダのゆりかご
バスタブジン
追星
旅血
弾丸暗渠
籠罩
ケルトの虎
ラテブラの首
トロルの舌
処世
ラティブルム
デスバレー
粉骨砕身
デビルズクロー
じゃじゃ馬ならし
ジャム・カレット
 
Answer Stats
Answer % Correct
粉骨砕身
64%
デスバレー
51%
処世
41%
じゃじゃ馬ならし
29%
弾丸暗渠
25%
トロルの舌
18%
旅血
17%
ケルトの虎
17%
バスタブジン
11%
追星
10%
籠罩
10%
ジャム・カレット
8%
ラテブラの首
7%
デビルズクロー
7%
ラティブルム
5%
No matching quizzes found
Score Distribution
Percent of People with Each Score
Percentile by Number Answered
Your Score History
You have not taken this quiz